| 000 | 00667cam a2200205 4500 | ||
|---|---|---|---|
| 001 | J107541 | ||
| 008 | 000000n2000 000 0 eng u | ||
| 035 | _a(Sirsi) u107541 | ||
| 050 | _a692.2 | ||
| 110 |
_aLocal Authority Building Control _93913 |
||
| 245 | _aBuilding control into the millennium 2000 ; Local Authority Building Control National Directory of Development Serivces | ||
| 260 |
_aWindsor _bBuilding Control Services _c2000 |
||
| 300 | _a248p. ; 30cm. | ||
| 650 |
_aBUILDING CONTROL _96222 |
||
| 650 | _aDIRECTORIES | ||
| 650 |
_aBUILDING REGULATIONS _96224 |
||
| 650 | _aREGIONS | ||
| 690 | _aBUILT ENVIRONMENT-BUILDING STANDARDS | ||
| 942 | _n0 | ||
| 999 |
_c100700 _d100700 |
||